[Event "1st FIDE OWCCCC Pools-East 2021"]
[Site "Online"]
[Date "2021.02.20"]
[Round "6.13"]
[White "Pancevski, Filip"]
[Black "Markin, Dmytro"]
[Result "1/2-1/2"]
[WhiteElo "2519"]
[BlackElo "2336"]
[Annotator "ChessBase"]
[PlyCount "66"]
[EventDate "2021.02.19"]
[EventType "team-tourn"]
[EventCountry "NET"]
[SourceTitle "playchess.com"]
[Source "ChessBase"]
[SourceQuality "1"]

1. e4 e6 2. d3 d5 3. Nd2 c5 4. Ngf3 Nc6 5. g3 g6 6. Bg2 Bg7 7. O-O Nge7 8. Re1 O-O 9. e5 Qc7 10. Qe2 f6 11. exf6 Bxf6 12. c3 e5 13. Nf1 Bg7 14. Bg5 Bf5 15. Bxe7 Qxe7 16. Ne3 Be6 17. c4 e4 18. dxe4 dxe4 19. Nd2 Bxb2 20. Rab1 Nd4 21. Qd1 Bc3 22. Bxe4 Qf6 23. Rf1 Bxd2 24. Qxd2 Nf3+ 25. Bxf3 Qxf3 26. Qd1 Qe4 27. Re1 Rad8 28. Qe2 b6 29. Rbd1 Rd4 30. Rxd4 cxd4 31. Nd5 Qxe2 32. Rxe2 Bxd5 33. cxd5 Rf5 1/2-1/2

[Event "1st FIDE OWCCCC Pools-East 2021"]
[Site "Online"]
[Date "2021.02.20"]
[Round "6.13"]
[White "Zawadzki, Stanislaw"]
[Black "Saurabh Shejwalkar"]
[Result "1-0"]
[WhiteElo "2435"]
[BlackElo "1817"]
[Annotator "NA"]
[PlyCount "99"]
[EventDate "2021.02.19"]
[EventType "team-tourn"]
[EventCountry "NET"]
[SourceTitle "playchess.com"]
[Source "ChessBase"]
[SourceQuality "1"]

1. c4 e6 2. Nf3 Nf6 3. e3 d5 4. b3 Bd6 5. Bb2 O-O 6. Be2 c6 7. d3 Nbd7 8. Nbd2 e5 9. Qc2 Re8 10. h3 Nf8 11. d4 exd4 12. Nxd4 c5 13. N4f3 d4 14. e4 Ng6 15. g3 Qc7 16. O-O-O a5 17. a4 Bd7 18. Kb1 Bc6 19. Bd3 Nd7 20. Rhe1 f6 21. Bf1 Kh8 22. h4 Nge5 23. Nxe5 Nxe5 24. Be2 Rad8 25. Nf3 Ng4 26. Bd3 Re7 27. Re2 Ne5 28. Nxe5 fxe5 29. f3 Rf8 30. Rf1 Ref7 31. Ref2 Bd7 32. Qe2 Be7 33. Bc1 Bh3 34. Rh1 Be6 35. f4 exf4 36. gxf4 Bd6 37. f5 Be5 38. Rg2 Bc8 39. h5 h6 40. Ka2 b6 41. Rh4 Bb7 42. Rhg4 Bc6 43. Qd1 Qb7 44. Qe2 Qd7 45. Ka3 Qe8 46. Rg6 Qd7 47. Qg4 Qb7 48. Bxh6 gxh6 49. Rg8+ Rxg8 50. Qxg8# 1-0

[Event "1st FIDE OWCCCC Pools-East 2021"]
[Site "Online"]
[Date "2021.02.20"]
[Round "6.13"]
[White "Smid, Miroslav"]
[Black "Jangle, Hemang J"]
[Result "0-1"]
[WhiteElo "2242"]
[BlackElo "1796"]
[Annotator "NA"]
[PlyCount "54"]
[EventDate "2021.02.19"]
[EventType "team-tourn"]
[EventCountry "NET"]
[SourceTitle "playchess.com"]
[Source "ChessBase"]
[SourceQuality "1"]

1. e4 e6 2. Nf3 d5 3. Nc3 dxe4 4. Nxe4 Nf6 5. Nxf6+ Qxf6 6. d4 h6 7. c3 Be7 8. Bd3 O-O 9. O-O c5 10. Re1 Nc6 11. Ne5 cxd4 12. Nxc6 bxc6 13. cxd4 c5 14. Be4 Rb8 15. d5 Rd8 16. Qf3 exd5 17. Bxd5 Qxf3 18. Bxf3 Bf6 19. h3 c4 20. Re3 Bf5 21. a4 Bd4 22. Re7 c3 23. bxc3 Bxc3 24. Ra3 Bb4 25. Rae3 Bxe7 26. Rxe7 Rb1 27. Rc7 Rc8 0-1

[Event "1st FIDE OWCCCC Pools-East 2021"]
[Site "Online"]
[Date "2021.02.20"]
[Round "6.13"]
[White "Kosteniuk, Oksana"]
[Black "Gajendra, Singh"]
[Result "1/2-1/2"]
[WhiteElo "2096"]
[BlackElo "1850"]
[Annotator "NA"]
[PlyCount "127"]
[EventDate "2021.02.19"]
[EventType "team-tourn"]
[EventCountry "NET"]
[SourceTitle "playchess.com"]
[Source "ChessBase"]
[SourceQuality "1"]

1. Nf3 e6 2. d3 d5 3. Nbd2 c5 4. c3 Nc6 5. e4 Nf6 6. Qc2 Be7 7. Be2 b5 8. a4 b4 9. b3 bxc3 10. Qxc3 Nb4 11. Ba3 a5 12. e5 d4 13. Qc1 Nfd5 14. Ne4 Ba6 15. Bxb4 axb4 16. O-O Nc3 17. Qc2 O-O 18. Rfe1 Rc8 19. Nfd2 Qd5 20. f4 Qc6 21. Bf3 Qd7 22. Nf2 Bb7 23. Bxb7 Qxb7 24. Nc4 Nd5 25. Qd2 Nb6 26. Rec1 Nd5 27. Ne4 Nc3 28. Nf2 Rfd8 29. Qe1 Ra8 30. Ng4 Kh8 31. Rc2 Rf8 32. Qg3 Ra6 33. Nf2 Qd5 34. Re1 Qc6 35. Ne4 Qd5 36. Nf2 Qd8 37. Qh3 Kg8 38. g3 Qd5 39. Qg2 Rd8 40. Ne4 Qa8 41. Ned2 h6 42. Qxa8 Rdxa8 43. Ne4 Rd8 44. Kf2 g6 45. Kf3 Kg7 46. g4 Rd5 47. Rg1 Rd8 48. h3 Rf8 49. f5 Kh7 50. f6 Bd8 51. Nxc5 Rc6 52. Ne4 Bc7 53. Re1 Rd8 54. Ned2 Nd5 55. Ra2 Nc3 56. Rc2 Rd5 57. Kg2 Rd8 58. Nf3 Nd5 59. Kg3 Nc3 60. Kf2 Rc5 61. Nfd2 Nd5 62. Ne4 Rc6 63. Kf3 Nc3 64. Ned2 1/2-1/2

[Event "1st FIDE OWCCCC Pools-East 2021"]
[Site "Online"]
[Date "2021.02.20"]
[Round "6.14"]
[White "Harikrishnan.A.Ra"]
[Black "Kubicka, Anna"]
[Result "1-0"]
[WhiteElo "2429"]
[BlackElo "2235"]
[Annotator "NA"]
[PlyCount "67"]
[EventDate "2021.02.19"]
[EventType "team-tourn"]
[EventCountry "NET"]
[SourceTitle "playchess.com"]
[Source "ChessBase"]
[SourceQuality "1"]

1. Nf3 Nf6 2. g3 g6 3. Bg2 Bg7 4. O-O O-O 5. d4 d6 6. c4 Nbd7 7. Nc3 e5 8. e4 Re8 9. Re1 exd4 10. Nxd4 Nc5 11. h3 a5 12. b3 Bd7 13. Bb2 Ne6 14. Nxe6 Rxe6 15. Qc2 Bc6 16. Nd5 Bxd5 17. cxd5 Re7 18. Rac1 Qd7 19. f4 Nh5 20. Bxg7 Nxg7 21. Qc3 b6 22. e5 Rae8 23. e6 Qb5 24. Kh2 fxe6 25. dxe6 Rxe6 26. Rxe6 Nxe6 27. Bc6 Qe2+ 28. Kh1 Re7 29. Bd5 Kf7 30. Qh8 Qd2 31. Qxh7+ Kf8 32. Qh6+ Kf7 33. Bxe6+ Kxe6 34. f5+ 1-0

[Event "1st FIDE OWCCCC Pools-East 2021"]
[Site "Online"]
[Date "2021.02.20"]
[Round "6.14"]
[White "Vasir, Balveer singh"]
[Black "Zawadzka, Jolanta"]
[Result "0-1"]
[WhiteElo "2013"]
[BlackElo "2399"]
[Annotator "NA"]
[PlyCount "98"]
[EventDate "2021.02.19"]
[EventType "team-tourn"]
[EventCountry "NET"]
[SourceTitle "playchess.com"]
[Source "ChessBase"]
[SourceQuality "1"]

1. d4 Nf6 2. Bf4 g6 3. Nc3 Bg7 4. e4 d6 5. Qd2 Nbd7 6. Nf3 O-O 7. h4 e5 8. dxe5 dxe5 9. Bh6 Qe7 10. Bg5 Qb4 11. Bd3 c6 12. Rb1 Re8 13. O-O Nb6 14. a3 Qe7 15. Rfe1 Bg4 16. Nh2 Be6 17. Qe2 h6 18. Be3 Kh7 19. Rbd1 Nbd7 20. f4 exf4 21. Bxf4 Nh5 22. Qf2 Ne5 23. Bd2 Ng4 24. Nxg4 Bxg4 25. Be2 Bxe2 26. Rxe2 Rad8 27. Rf1 Rd7 28. Qf3 Qxh4 29. Be1 Bd4+ 30. Bf2 Ng3 31. Bxd4 Qh1+ 32. Kf2 Qxf1+ 33. Kxg3 Qxf3+ 34. gxf3 Rxd4 35. Nd1 Rxd1 36. c3 Kg7 37. Kf2 Red8 38. Ke3 R8d3+ 39. Kf4 f6 40. Rg2 Kf7 41. e5 fxe5+ 42. Kxe5 Re1+ 43. Kf4 Kf6 44. Kg3 Ree3 45. Rf2 Kf5 46. Rh2 h5 47. Rf2 g5 48. Kg2 h4 49. a4 Kf4 0-1

[Event "1st FIDE OWCCCC Pools-East 2021"]
[Site "Online"]
[Date "2021.02.20"]
[Round "6.14"]
[White "Sharma, Dinesh Kumar"]
[Black "Raytsev, Sergey"]
[Result "1-0"]
[WhiteElo "1976"]
[BlackElo "1736"]
[Annotator "NA"]
[PlyCount "95"]
[EventDate "2021.02.19"]
[EventType "team-tourn"]
[EventCountry "NET"]
[SourceTitle "playchess.com"]
[Source "ChessBase"]
[SourceQuality "1"]

1. Nf3 Nf6 2. d4 d5 3. c4 e6 4. Nc3 Be7 5. cxd5 exd5 6. Bg5 c6 7. e3 Nbd7 8. Bd3 h6 9. Bh4 Ne4 10. Bxe7 Qxe7 11. Bxe4 dxe4 12. Nd2 Nf6 13. Qc2 Bf5 14. O-O O-O 15. a3 a5 16. Nc4 Nd5 17. Nxd5 cxd5 18. Nb6 Rad8 19. Rac1 Qg5 20. Qc7 Qg6 21. Rc5 Bh3 22. Qg3 Qxb6 23. Qxh3 Qxb2 24. Rxa5 Qb6 25. Rc5 Qe6 26. Qxe6 fxe6 27. Rb1 Rd7 28. h3 Ra8 29. Rb3 Kf7 30. Kh2 Ke7 31. Kg3 Kf6 32. Kf4 g5+ 33. Kg3 Kf5 34. Rcb5 Ra7 35. Rc3 Ra8 36. Rb6 Ra7 37. Rc8 Rxa3 38. Rf8+ Kg6 39. Rxe6+ Kg7 40. Rff6 Rf7 41. Rg6+ Kf8 42. Rxh6 Ra2 43. Rhf6 b5 44. Rxf7+ Kxf7 45. Rd6 b4 46. Rxd5 b3 47. Rxg5 b2 48. Rb5 1-0

[Event "1st FIDE OWCCCC Pools-East 2021"]
[Site "Online"]
[Date "2021.02.20"]
[Round "6.14"]
[White "Kiriakhno, Sergii"]
[Black "Dimovski, Nikola"]
[Result "1-0"]
[WhiteElo "1677"]
[BlackElo "2405"]
[Annotator "NA"]
[PlyCount "85"]
[EventDate "2021.02.19"]
[EventType "team-tourn"]
[EventCountry "NET"]
[SourceTitle "playchess.com"]
[Source "ChessBase"]
[SourceQuality "1"]

1. d4 g6 2. c4 Nf6 3. Nc3 Bg7 4. e4 d6 5. f3 O-O 6. Be3 c6 7. Qd2 a6 8. O-O-O b5 9. Bh6 Kh8 10. h4 Ng8 11. Bxg7+ Kxg7 12. h5 Be6 13. d5 cxd5 14. cxd5 Bc8 15. Kb1 Nd7 16. hxg6 fxg6 17. Nh3 h6 18. Nf4 Ndf6 19. Nce2 Qb6 20. Nd4 Kh7 21. Nfe6 Bxe6 22. Nxe6 Rfc8 23. Bd3 Nd7 24. f4 Nf8 25. f5 Nxe6 26. fxg6+ Kg7 27. dxe6 Qd4 28. Rhf1 Qe5 29. Rf7+ Kxg6 30. Rf5 Qxe6 31. e5 Kg7 32. Qf4 dxe5 33. Qg3+ Kh8 34. Rxe5 Qd6 35. Qe3 Qf6 36. Re6 Qh4 37. Qe5+ Nf6 38. Rxe7 Kg8 39. Qe6+ Kh8 40. Qf7 Qg5 41. Rf1 Rf8 42. Qe6 Rad8 43. Rxf6 1-0

[Event "1st FIDE OWCCCC Pools-East 2021"]
[Site "Online"]
[Date "2021.02.20"]
[Round "6.15"]
[White "Miroslaw, Michal"]
[Black "Jagdale, Rahul"]
[Result "1-0"]
[WhiteElo "2269"]
[BlackElo "1576"]
[Annotator "NA"]
[PlyCount "53"]
[EventDate "2021.02.19"]
[EventType "team-tourn"]
[EventCountry "NET"]
[SourceTitle "playchess.com"]
[Source "ChessBase"]
[SourceQuality "1"]

1. e4 e6 2. d4 d5 3. Nd2 c5 4. exd5 exd5 5. Ngf3 Nc6 6. dxc5 Bxc5 7. Nb3 Bb6 8. Bb5 Nf6 9. O-O O-O 10. Bg5 Be6 11. c3 h6 12. Bh4 Bg4 13. Qd3 Qd6 14. Bg3 Qd8 15. Bxc6 bxc6 16. Ne5 c5 17. Nxg4 Nxg4 18. Qf3 Nf6 19. Bh4 g5 20. Bg3 Re8 21. Rad1 Kg7 22. Rfe1 a5 23. Be5 a4 24. Rxd5 Rxe5 25. Rdxe5 axb3 26. axb3 Qd6 27. Qxa8 1-0

[Event "1st FIDE OWCCCC Pools-East 2021"]
[Site "Online"]
[Date "2021.02.20"]
[Round "6.15"]
[White "Stojkovska, Monika"]
[Black "Lutsyk, Oleksandr"]
[Result "0-1"]
[WhiteElo "2106"]
[BlackElo "1834"]
[Annotator "NA"]
[PlyCount "132"]
[EventDate "2021.02.19"]
[EventType "team-tourn"]
[EventCountry "NET"]
[SourceTitle "playchess.com"]
[Source "ChessBase"]
[SourceQuality "1"]

1. d4 Nf6 2. c4 c5 3. d5 b5 4. cxb5 a6 5. bxa6 g6 6. Nc3 Bg7 7. e4 Qa5 8. Qc2 Nxe4 9. Bd2 Nxd2 10. Qxd2 d6 11. Nf3 Bxa6 12. Bd3 O-O 13. O-O Bxd3 14. Qxd3 Na6 15. a3 Rfb8 16. Rfb1 Ra7 17. Nd2 Rab7 18. Nc4 Qc7 19. a4 Nb4 20. Qd1 Qd7 21. Ra3 Qf5 22. Ne3 Qd3 23. Qc1 Na6 24. Nb5 Qe4 25. b3 Nc7 26. Nxc7 Rxc7 27. Qc2 Qxc2 28. Nxc2 Rcb7 29. Kf1 Bc3 30. Ne3 Rb4 31. Nc2 R4b7 32. Ne3 Ba5 33. Nc4 Bb4 34. Ra2 Ra8 35. Ke2 f5 36. Kd3 Kf7 37. Re2 h6 38. f4 Raa7 39. g3 Ra8 40. Rbb2 Rab8 41. Rb1 Ra8 42. Kc2 g5 43. h4 gxf4 44. gxf4 Rg8 45. a5 Ra8 46. Ra1 Rba7 47. Nb6 Rxa5 48. Rxa5 Rxa5 49. Na4 Ra8 50. Rg2 Rg8 51. Rxg8 Kxg8 52. h5 Be1 53. Kd3 Bg3 54. Ke3 Kf7 55. Nb6 Be1 56. Nc4 Bc3 57. Kf3 Bd4 58. Nd2 e6 59. dxe6+ Kxe6 60. Nc4 Bc3 61. Ne3 d5 62. Nd1 Bd4 63. Ke2 Kd6 64. Kd3 Kc6 65. Kc2 Kb5 66. Kd3 Kb4 0-1

[Event "1st FIDE OWCCCC Pools-East 2021"]
[Site "Online"]
[Date "2021.02.20"]
[Round "6.15"]
[White "aaarek"]
[Black "Ravichandran, Siddharth"]
[Result "1-0"]
[WhiteElo "1769"]
[BlackElo "2352"]
[Annotator "NA"]
[PlyCount "133"]
[EventDate "2021.02.19"]
[EventType "team-tourn"]
[EventCountry "NET"]
[SourceTitle "playchess.com"]
[Source "ChessBase"]
[SourceQuality "1"]

1. e4 c5 2. Nf3 d6 3. d4 cxd4 4. Nxd4 Nf6 5. Nc3 a6 6. Bg5 e6 7. f4 Be7 8. Qf3 Qc7 9. O-O-O Nbd7 10. Bd3 b5 11. Rhe1 Bb7 12. Qg3 h6 13. Bxf6 Bxf6 14. Bxb5 axb5 15. Ndxb5 Qc6 16. Nxd6+ Kf8 17. e5 Be7 18. f5 Nc5 19. Nxf7 Kxf7 20. Qg6+ Kg8 21. f6 Qxg2 22. Qxg2 Bxg2 23. fxe7 Kf7 24. Rg1 Bh3 25. Nb5 g5 26. Nc7 Kxe7 27. Nxa8 Rxa8 28. a3 Bf5 29. Rd4 Rc8 30. Kd1 Nd7 31. c3 Nxe5 32. Rb4 Nd3 33. Rb7+ Kf6 34. Kd2 Rd8 35. Ke3 Nf4 36. Rg3 Rd3+ 37. Kf2 Rd2+ 38. Ke3 Rxh2 39. a4 Ke5 40. Rb5+ Kd6 41. c4 e5 42. a5 g4 43. Rd5+ Ke6 44. Rd2 Rh1 45. b4 Rb1 46. b5 Rb4 47. a6 Rxc4 48. b6 Nd5+ 49. Rxd5 Kxd5 50. b7 Rb4 51. a7 Rxb7 52. a8=Q Kc6 53. Rg1 Kc7 54. Rc1+ Kb6 55. Qd8+ Ka6 56. Ra1+ Kb5 57. Qa5+ Kc6 58. Qa6+ Kc7 59. Rc1+ Kb8 60. Qd6+ Ka8 61. Ra1+ Ra7 62. Qc6+ Kb8 63. Qb6+ Rb7 64. Qd8+ Bc8 65. Rc1 Rb3+ 66. Kf2 Rb2+ 67. Kg1 1-0

[Event "1st FIDE OWCCCC Pools-East 2021"]
[Site "Online"]
[Date "2021.02.20"]
[Round "6.16"]
[White "Subramani, Ragavi"]
[Black "Matyszkowicz, Marcin"]
[Result "0-1"]
[WhiteElo "1513"]
[BlackElo "1413"]
[Annotator "NA"]
[PlyCount "74"]
[EventDate "2021.02.19"]
[EventType "team-tourn"]
[EventCountry "NET"]
[SourceTitle "playchess.com"]
[Source "ChessBase"]
[SourceQuality "1"]

1. e4 e5 2. Nf3 Nf6 3. Nc3 Nc6 4. d4 exd4 5. Nxd4 Bb4 6. Nxc6 bxc6 7. f3 O-O 8. Bc4 d5 9. exd5 cxd5 10. Bb3 d4 11. O-O dxc3 12. bxc3 Qxd1 13. Rxd1 Bxc3 14. Rb1 Bf5 15. Bb2 Bxb2 16. Rxb2 Rfd8 17. Rxd8+ Rxd8 18. a4 h6 19. Bc4 Be6 20. Bxe6 fxe6 21. Rb7 Rd1+ 22. Kf2 Rd2+ 23. Kg3 Rxc2 24. Rxa7 Nd5 25. a5 Nb4 26. a6 Kh7 27. Ra8 Nxa6 28. Rxa6 e5 29. h4 Rc5 30. Kh3 Rd5 31. Rc6 Rd7 32. h5 Kg8 33. g4 Kf7 34. Kh4 Ke7 35. g5 Rd4+ 36. Kg3 hxg5 37. Rxc7+ Kf6 0-1

[Event "1st FIDE OWCCCC Pools-East 2021"]
[Site "Online"]
[Date "2021.02.20"]
[Round "6.16"]
[White "Sikorska, Nataliia"]
[Black "Sofrevska-Andonova, Lidija"]
[Result "0-1"]
[WhiteElo "1509"]
[BlackElo "2115"]
[Annotator "NA"]
[PlyCount "22"]
[EventDate "2021.02.19"]
[EventType "team-tourn"]
[EventCountry "NET"]
[SourceTitle "playchess.com"]
[Source "ChessBase"]
[SourceQuality "1"]

1. c4 Nf6 2. Nc3 e6 3. g3 d5 4. cxd5 exd5 5. Bg2 Be7 6. d3 O-O 7. Nf3 c5 8. d4 Nc6 9. O-O h6 10. Re1 b6 11. a3 Bb7 0-1

[Event "1st FIDE OWCCCC Pools-East 2021"]
[Site "Online"]
[Date "2021.02.20"]
[Round "6.16"]
[White "Hande, Namita"]
[Black "tomsun"]
[Result "0-1"]
[WhiteElo "756"]
[BlackElo "1864"]
[Annotator "NA"]
[PlyCount "50"]
[EventDate "2021.02.19"]
[EventType "team-tourn"]
[EventCountry "NET"]
[SourceTitle "playchess.com"]
[Source "ChessBase"]
[SourceQuality "1"]

1. e4 e5 2. d3 Nf6 3. Nf3 Nc6 4. Nc3 Bc5 5. Be3 Bxe3 6. fxe3 O-O 7. h4 d5 8. exd5 Nxd5 9. e4 Nxc3 10. Qd2 Nb5 11. a3 Nbd4 12. Ng5 Bg4 13. Rh2 h6 14. Nh3 Qxh4+ 15. g3 Qxg3+ 16. Qf2 Nxc2+ 17. Kd2 Qxf2+ 18. Rxf2 Nxa1 19. Ng1 Nd4 20. Bh3 Nab3+ 21. Kc3 Bxh3 22. Nxh3 Rad8 23. Rf1 Rd6 24. Nf2 a5 25. Rd1 Rc6# 0-1

[Event "1st FIDE OWCCCC Pools-East 2021"]
[Site "Online"]
[Date "2021.02.20"]
[Round "6.17"]
[White "Bernasek, Jan"]
[Black "Kazakouski, Valery"]
[Result "0-1"]
[WhiteElo "2498"]
[BlackElo "2476"]
[Annotator "ChessBase"]
[PlyCount "122"]
[EventDate "2021.02.19"]
[EventType "team-tourn"]
[EventCountry "NET"]
[SourceTitle "playchess.com"]
[Source "ChessBase"]
[SourceQuality "1"]

1. d4 Nf6 2. c4 e6 3. Nc3 Bb4 4. e3 b6 5. Nf3 Bb7 6. Bd3 Be4 7. Be2 O-O 8. O-O Bxc3 9. bxc3 Nc6 10. Ba3 Re8 11. Nd2 Bg6 12. f4 d5 13. c5 Ne7 14. g4 Ne4 15. Nxe4 Bxe4 16. c4 c6 17. Qd2 dxc4 18. Bxc4 b5 19. Bb3 a5 20. Bb2 Kh8 21. a4 b4 22. Qf2 Qd7 23. Qg3 Nd5 24. Rae1 f5 25. Kf2 Nf6 26. g5 Nd5 27. h4 Reb8 28. Rc1 Rb7 29. h5 Rab8 30. Kg1 Kg8 31. Rf2 Kf8 32. Rh2 Nc3 33. h6 g6 34. Qe1 Bd5 35. Bxd5 Nxd5 36. e4 fxe4 37. Qxe4 Qf7 38. Qe5 Kg8 39. Rf2 Rd8 40. Re1 Re7 41. Bc1 Qf5 42. Qxf5 exf5 43. Rfe2 Rxe2 44. Rxe2 Kf7 45. Kf2 Nc3 46. Rc2 Rxd4 47. Ke3 Rd5 48. Bb2 Rxc5 49. Kf3 Ne4 50. Re2 Ke6 51. Be5 Rc4 52. Re1 Rc2 53. Rd1 Rd2 54. Rc1 Kd5 55. Ke3 c5 56. Rb1 c4 57. Bc7 Rd3+ 58. Ke2 Nc3+ 59. Kf2 Nxb1 60. Bxa5 c3 61. Bxb4 c2 0-1

[Event "1st FIDE OWCCCC Pools-East 2021"]
[Site "Online"]
[Date "2021.02.20"]
[Round "6.17"]
[White "Iljushin, Alexei"]
[Black "Dourerassou, Jonathan"]
[Result "1/2-1/2"]
[WhiteElo "2461"]
[BlackElo "2477"]
[Annotator "ChessBase"]
[PlyCount "133"]
[EventDate "2021.02.19"]
[EventType "team-tourn"]
[EventCountry "NET"]
[SourceTitle "playchess.com"]
[Source "ChessBase"]
[SourceQuality "1"]

1. d4 d5 2. c4 e6 3. Nf3 Be7 4. g3 Nf6 5. Bg2 O-O 6. O-O dxc4 7. Qc2 Nc6 8. Qxc4 Bd6 9. Nc3 e5 10. dxe5 Nxe5 11. Nxe5 Bxe5 12. Bf4 Bxf4 13. Qxf4 c6 14. e4 Be6 15. e5 Nd7 16. Qe3 Qa5 17. f4 Rae8 18. Rad1 Nb6 19. b3 Bg4 20. Bf3 Bxf3 21. Qxf3 f6 22. exf6 Rxf6 23. Rfe1 Qc5+ 24. Kg2 Rff8 25. Ne4 Qc2+ 26. Qe2 Qxe2+ 27. Rxe2 Nd5 28. Rde1 b6 29. Kf3 h6 30. h4 Rd8 31. Rc1 Nb4 32. a3 Nd3 33. Rc3 c5 34. Nf2 Nxf2 35. Kxf2 Rd7 36. b4 cxb4 37. axb4 Rd4 38. b5 Rf7 39. Re5 Rb4 40. h5 Rd7 41. Kf3 Kf7 42. Kg4 Rbd4 43. Rc8 R4d5 44. Kf5 Rd8 45. Rc7+ R5d7 46. Rc6 Rd6 47. Rc7+ R8d7 48. Rc8 Rd3 49. g4 Rd8 50. Rxd8 Rxd8 51. g5 hxg5 52. fxg5 Rd4 53. g6+ Kf8 54. Ke6 Ke8 55. Rd5 Rf4 56. Kd6 Rc4 57. Re5+ Kd8 58. Rf5 Rd4+ 59. Kc6 Ke8 60. h6 Rg4 61. Re5+ Kd8 62. Re6 gxh6 63. Kb7 Rg5 64. Kxa7 Rxb5 65. g7 Rg5 66. Rxh6 Rxg7+ 67. Kxb6 1/2-1/2

[Event "1st FIDE OWCCCC Pools-East 2021"]
[Site "Online"]
[Date "2021.02.20"]
[Round "6.17"]
[White "Scheffner, Axel"]
[Black "Steel, Henry Robert"]
[Result "0-1"]
[WhiteElo "2249"]
[BlackElo "2418"]
[Annotator "NA"]
[PlyCount "48"]
[EventDate "2021.02.19"]
[EventType "team-tourn"]
[EventCountry "NET"]
[SourceTitle "playchess.com"]
[Source "ChessBase"]
[SourceQuality "1"]

1. d4 Nf6 2. c4 e6 3. Nc3 Bb4 4. f3 c5 5. e3 cxd4 6. exd4 Nc6 7. a3 Bxc3+ 8. bxc3 b6 9. Bd3 Ba6 10. Qe2 Na5 11. Bg5 h6 12. Bh4 Rc8 13. Nh3 Bxc4 14. O-O Qc7 15. Rfc1 Nb3 16. Bg3 Bxd3 17. Qxd3 Qc4 18. Qd1 Nxa1 19. Rxa1 Nd5 20. Nf4 O-O 21. Nxd5 exd5 22. Rc1 Rfe8 23. Qd2 Qe2 24. Qf4 g5 0-1

[Event "1st FIDE OWCCCC Pools-East 2021"]
[Site "Online"]
[Date "2021.02.20"]
[Round "6.17"]
[White "Velmurugan, N.."]
[Black "Matta, Vinay Kumar"]
[Result "0-1"]
[WhiteElo "1753"]
[BlackElo "2305"]
[Annotator "NA"]
[PlyCount "72"]
[EventDate "2021.02.19"]
[EventType "team-tourn"]
[EventCountry "NET"]
[SourceTitle "playchess.com"]
[Source "ChessBase"]
[SourceQuality "1"]

1. d4 Nf6 2. Nf3 c5 3. c3 cxd4 4. cxd4 d5 5. g3 Nc6 6. Bg2 Bf5 7. O-O e6 8. a3 Be7 9. Nc3 O-O 10. Bg5 Ne4 11. Bxe7 Qxe7 12. Nxe4 Bxe4 13. Rc1 Rac8 14. b4 Qf6 15. e3 Bxf3 16. Qxf3 Qxf3 17. Bxf3 Ne7 18. Rfd1 Nf5 19. Be2 Nd6 20. Bd3 f5 21. f4 Kf7 22. Kf2 Ke7 23. Ke2 h6 24. Kd2 a6 25. Rc5 b6 26. Rxc8 Rxc8 27. Rc1 Rxc1 28. Kxc1 Nc4 29. Bxc4 dxc4 30. Kd2 Kd6 31. h3 Kd5 32. a4 b5 33. axb5 axb5 34. g4 g6 35. Ke2 Ke4 36. Kf2 Kd3 0-1

[Event "1st FIDE OWCCCC Pools-East 2021"]
[Site "Online"]
[Date "2021.02.20"]
[Round "6.17"]
[White "Pandey Shourya"]
[Black "Demchenko, Anton"]
[Result "0-1"]
[WhiteElo "1585"]
[BlackElo "2610"]
[Annotator "TA"]
[PlyCount "64"]
[EventDate "2021.02.19"]
[EventType "team-tourn"]
[EventCountry "NET"]
[SourceTitle "playchess.com"]
[Source "ChessBase"]
[SourceQuality "1"]

1. d4 Nf6 2. Nf3 g6 3. c4 Bg7 4. Nc3 O-O 5. e4 d6 6. Be2 Nbd7 7. O-O e5 8. h3 exd4 9. Nxd4 Re8 10. Bf3 Ne5 11. Be2 Nc6 12. Nxc6 bxc6 13. Bf3 Nd7 14. Be3 a5 15. Bg4 Ba6 16. Be2 Rb8 17. Rb1 Nc5 18. Bxc5 dxc5 19. Qxd8 Rexd8 20. Rfd1 Re8 21. f3 f5 22. Bd3 f4 23. Na4 Bd4+ 24. Kf1 Bc8 25. b3 Be6 26. Nb2 g5 27. Be2 Kf7 28. Nd3 Kf6 29. Ne1 h5 30. Nc2 Be5 31. Rd2 a4 32. b4 Bc3 0-1

[Event "1st FIDE OWCCCC Pools-East 2021"]
[Site "Online"]
[Date "2021.02.20"]
[Round "6.18"]
[White "Kavaleuski, Stanislau"]
[Black "Taborska, Veronika"]
[Result "1-0"]
[WhiteElo "2255"]
[BlackElo "2002"]
[Annotator "NA"]
[PlyCount "47"]
[EventDate "2021.02.19"]
[EventType "team-tourn"]
[EventCountry "NET"]
[SourceTitle "playchess.com"]
[Source "ChessBase"]
[SourceQuality "1"]

1. e4 d6 2. d4 Nf6 3. Nc3 g6 4. g3 Bg7 5. Bg2 O-O 6. Nge2 e5 7. O-O exd4 8. Nxd4 Nbd7 9. f4 Nb6 10. h3 Bd7 11. Kh2 Re8 12. a4 a5 13. e5 dxe5 14. fxe5 Rxe5 15. Bf4 Re7 16. Bxb7 Rb8 17. Nc6 Bxc6 18. Bxc6 h6 19. Qf3 Nc4 20. Rad1 Nd6 21. Nb5 Nfe8 22. b3 Rb6 23. c4 Qa8 24. Bxa8 1-0

[Event "1st FIDE OWCCCC Pools-East 2021"]
[Site "Online"]
[Date "2021.02.20"]
[Round "6.18"]
[White "Jonnalagadda, Rama krishna"]
[Black "Cs, Rajesh"]
[Result "0-1"]
[WhiteElo "2169"]
[BlackElo "2278"]
[Annotator "NA"]
[PlyCount "140"]
[EventDate "2021.02.19"]
[EventType "team-tourn"]
[EventCountry "NET"]
[SourceTitle "playchess.com"]
[Source "ChessBase"]
[SourceQuality "1"]

1. c4 c5 2. Nf3 Nc6 3. Nc3 g6 4. d4 cxd4 5. Nxd4 Bg7 6. Nc2 Nf6 7. e4 d6 8. Be2 O-O 9. O-O a6 10. Be3 Bd7 11. Qd2 Re8 12. Rfd1 Rb8 13. f3 h5 14. Rac1 Qa5 15. a3 Ne5 16. b4 Qd8 17. Nd4 Rc8 18. Nd5 Ba4 19. Re1 Nxd5 20. exd5 b5 21. cxb5 axb5 22. Nxb5 Qd7 23. Nc3 Ra8 24. b5 Bb3 25. Nb1 Reb8 26. Qb4 Bxd5 27. a4 Qd8 28. Nc3 Be6 29. b6 Nc6 30. Qb1 Bxc3 31. Rxc3 Ne5 32. Bb5 Rxb6 33. Bxb6 Qxb6+ 34. Kh1 Qd4 35. Qc1 Kg7 36. Rd1 Qb4 37. Qc2 h4 38. Rb3 Qf4 39. Qd2 Qf6 40. h3 Bxb3 41. Re1 Bxa4 42. Bf1 Bd7 43. f4 Nc6 44. Be2 Ra1 45. Bf3 Rxe1+ 46. Qxe1 Nd4 47. Qe3 Nxf3 48. Qxf3 Be6 49. Kh2 Bf5 50. Qe3 e6 51. Qd2 d5 52. Qa5 Be4 53. Qc7 Qb2 54. Qe5+ Qxe5 55. fxe5 f6 56. exf6+ Kxf6 57. g3 hxg3+ 58. Kxg3 d4 59. Kf4 Bf5 60. h4 e5+ 61. Kf3 e4+ 62. Kf4 e3 63. Kf3 Bg4+ 64. Kxg4 e2 65. h5 gxh5+ 66. Kxh5 e1=Q 67. Kg4 Ke5 68. Kf3 d3 69. Kg2 Kf4 70. Kh3 Qg3# 0-1

[Event "1st FIDE OWCCCC Pools-East 2021"]
[Site "Online"]
[Date "2021.02.20"]
[Round "6.18"]
[White "Nezamyatin, Ruslan"]
[Black "Lakshmi, Praneetha K"]
[Result "0-1"]
[WhiteElo "2070"]
[BlackElo "2039"]
[Annotator "NA"]
[PlyCount "96"]
[EventDate "2021.02.19"]
[EventType "team-tourn"]
[EventCountry "NET"]
[SourceTitle "playchess.com"]
[Source "ChessBase"]
[SourceQuality "1"]

1. d4 Nf6 2. Nf3 d6 3. Nc3 g6 4. e4 Bg7 5. Be2 Nbd7 6. h3 O-O 7. Be3 b6 8. Qd2 c5 9. d5 a6 10. a4 Rb8 11. O-O b5 12. axb5 axb5 13. e5 b4 14. exf6 bxc3 15. fxe7 Qxe7 16. bxc3 Nf6 17. Bf4 Ne4 18. Qe3 Bxc3 19. Ra4 Re8 20. Bd1 Bf5 21. g4 Qd7 22. Rxe4 Rxe4 23. Qxc3 Bxg4 24. Bh6 f5 25. Ng5 Bxd1 26. Nxe4 fxe4 27. Rxd1 Re8 28. Re1 Qf7 29. Qg3 Qxd5 30. c4 Qh5 31. Bf4 d5 32. cxd5 Qxd5 33. Qc3 Qf5 34. Bh6 Re7 35. Rd1 Qc8 36. Qc4+ Kh8 37. Rc1 Qxh3 38. Qxc5 Qxh6 39. Rd1 Re8 40. Qd6 Qg5+ 41. Kf1 Qb5+ 42. Kg2 Qg5+ 43. Kf1 Qe5 44. Qd7 Qe6 45. Qd4+ Qe5 46. Qd7 Rf8 47. Rd2 e3 48. Re2 Qf4 0-1